000 00975nas a2200313 4500
001 BR2016004358
003 BR-BrBNA
005 20231205130737.0
007 ta
008 230509b bl.|||p| |||| 00| 00por d
040 _aBR-BrBNA
_bpor
_cBiblioteca Nacional de Agricultura
041 _a(Pt)
072 _aF03
100 1 _aOliveira, F.N. de
100 1 _aFrança, F.D. de
100 1 _aTorres, S.B.
100 1 _aNogueira, N.W.
100 1 _aFreitas, R.M.O. de
111 1 _dTemperaturas e substratos na germinação de sementes de pereiro-vermelho (Simira gardneriana M.R. Barbosa e Peixoto)
650 _aÁRVORE FLORESTAL
650 _aRUBIACEAE
650 _aSEMENTE
650 _aGERMINAÇÃO
650 _aSUBSTRATO DE CULTURA
650 _aTEMPERATURA
773 0 _tRevista Ciência Agronômica (Brazil)
_xISSN 0045-6888
_g(Oct-Dec 2016), v. 47(4) p. 658-666
_wBR2016004358
909 _a202311
_bLúcia
_c55
_dLúcia Elande
942 _2AGRIS
_n0
_cANA
999 _c250973
_d250973